000
00281nam a22001337a 4500
008
181030b xxu||||| |||| 00| 0 eng d
020
_a
0391036332
041
_a
eng
080
_a
101
100
_a
24
101
_a
FIL
245
_a
Human Nature
_c
Berry, Ch. J
942
_2
udc
_c
BK
999
_c
51131
_d
51131